載入...

Ecological toxicology research

書目詳細資料
主要作者: Mc Intyre, A D
其他作者: Mills, C F
格式: Printed Book
語言:Undetermined
English
出版: New York Plenum Press 1974
主題:
LEADER 00599nam a2200193Ia 4500
008 140306s9999 xx 000 0 und d
041 |a eng 
082 |a 547  |b MCI/EC 
100 |a Mc Intyre, A D 
700 |a Mills, C F 
245 |a Ecological toxicology research 
260 |a New York  |b Plenum Press  |c 1974 
300 |a 323 
365 |b Rs .59 .00 
650 |a Organic chemistry 
650 |a organohalogen 
942 |2 ddc  |c BK 
999 |c 114086  |d 114086 
952 |0 0  |1 0  |2 ddc  |4 0  |6 547_000000000000000_MCIEC  |7 0  |9 112024  |a KAUHCV  |b KAUHCV  |d 2002-04-20  |g 59.00  |o 547 MCI/EC  |p KAU_HCV-4662  |r 2014-03-22  |w 2014-03-22  |y BK